Countries by Three Words #5 - Statistics

General Stats
  • This quiz has been taken 32 times
  • The average score is 13 of 20
Answer Stats
Clues Country % Correct
Dubai, Burj, Emirates United Arab Emirates
100%
Prague, Golem, Pilsner Czech Republic
94%
Doha, LNG, AlJazeera Qatar
90%
Tallinn, Skype, E-residency Estonia
81%
Tatras, Bratislava, Halusky Slovakia
81%
Vilnius, Basketball, Gediminas Lithuania
77%
Muscat, Frankincense, Dhows Oman
74%
Riga, Amber, Livonian Latvia
71%
Bled, Lipizzan, Ljubljana Slovenia
71%
Dakar, Wolof, Goree Senegal
68%
Ashanti, Kente, Accra Ghana
65%
Copan, Lempira, Tegucigalpa Honduras
65%
Tikal, Maya, Quetzal Guatemala
61%
Petra, WadiRum, Nabateans Jordan
61%
PuraVida, Sloths, Ecotourism Costa Rica
45%
Samarkand, Silk, Aral Uzbekistan
45%
Mate, Punta, Mujica Uruguay
42%
Cyrillic, Roses, Thracians Bulgaria
35%
Pupusas, Volcanoes, Colón El Salvador
23%
Gëlle, Moselle, Adolphe Luxembourg
19%
No matching quizzes found
Score Distribution
Percent of People with Each Score
Percentile by Number Answered
Your Score History
You have not taken this quiz